000
00387nam a22001697a 4500
003
MPLRDC
005
20220104114620.0
008
210129b ||||| |||| 00| 0 eng d
082
_a
857.9 WDZ v.2
100
_a
吴道子
245
_a
东海来客
_c
250
_a
初版
260
_a
_b
环球出版社
_c
1991
300
_b
平
650
_a
武侠小说
942
_c
BK
_o
857.9 WDZ v.2
999
_c
8862
_d
8852